All Summer Olympic Sports ever - Statistics

General Stats
  • This quiz has been taken 229 times
  • The average score is 26 of 48
Answer Stats
Sport % Correct
Aquatics
95%
Athletics
93%
Football
88%
Basketball
85%
Tennis
83%
Cycling
82%
Gymnastics
78%
Volleyball
78%
Shooting
75%
Baseball
73%
Boxing
73%
Judo
72%
Rugby sevens
72%
Rugby union
72%
Wrestling
72%
Equestrian
71%
Archery
70%
Badminton
69%
Table tennis
67%
Breakdancing
66%
Field hockey
66%
Fencing
64%
Handball
63%
Karate
63%
Skateboarding
63%
Weightlifting
63%
Canoeing
62%
Rowing
61%
Surfing
59%
Golf
55%
Taekwondo
55%
Cricket
54%
Triathlon
51%
Sailing
50%
Sport climbing
49%
Modern pentathlon
42%
Softball
38%
Polo
36%
Lacrosse
28%
Tug of war
28%
Ice hockey
17%
Croquet
14%
Figure skating
10%
Water motorsports
8%
Basque pelota
5%
Rackets
4%
Roque
4%
Jeu de paume
2%
No matching quizzes found
Score Distribution
Percent of People with Each Score
Percentile by Number Answered
Your Score History
You have not taken this quiz